[Event "Punta del Este Alekhiine op 1st"]
[Site "Punta del Este"]
[Date "2024.03.09"]
[Round "3"]
[White "Kulik, Nicolas"]
[Black "Araque, Jairo"]
[Result "1-0"]
[WhiteElo "2017"]
[BlackElo "1974"]
[PlyCount "101"]
[EventDate "2024.03.08"]
[EventType "swiss"]
[EventRounds "5"]
[EventCountry "URU"]
[SourceTitle "CB13_2024"]
[SourceDate "2024.03.27"]
[SourceVersion "1"]
[SourceVersionDate "2024.03.27"]
[SourceQuality "1"]

1. e4 e6 2. d4 d5 3. Nc3 Nf6 4. Bg5 Be7 5. e5 Nfd7 6. h4 0-0 7. Qg4 f5 8. Qg3 a6 9. Bh6 Rf7 10. Nxd5 c5 11. Bc4 b5 12. Be2 Bf8 13. Nf4 Qa5+ 14. Kf1 Nb6 15. Bf3 Raa7 16. d5 exd5 17. Nxd5 Be6 18. Nf4 Bc4+ 19. Nge2 Qd2 20. Bg5 Qxc2 21. e6 Rfc7 22. Bf6 Nc6 23. Bxc6 Rxc6 24. e7 Rxe7 25. Bxe7 Bxe7 26. b3 Bf6 27. Qe3 Kf7 28. Rc1 Bxe2+ 29. Nxe2 Qxa2 30. Rxc5 Rxc5 31. Qxc5 Qb1+ 32. Nc1 Bd4 33. Qc7+ Kf6 34. Qd6+ Kf7 35. Qc7+ Kf6 36. Qc6+ Kf7 37. Rh3 Nc4 38. Qd5+ Kf8 39. Qxd4 Qxc1+ 40. Ke2 Qc2+ 41. Ke1 Qb1+ 42. Qd1 Qe4+ 43. Kf1 Nb2 44. Qd6+ Kf7 45. Re3 Qb1+ 46. Ke2 Qc2+ 47. Qd2 Qb1 48. Qd7+ Kg6 49. Qe8+ Kh6 50. Re6+ g6 51. Rxg6+ 1-0

[Event "Punta del Este Alekhiine op 1st"]
[Site "Punta del Este"]
[Date "2024.03.08"]
[Round "1"]
[White "Kulik, Nicolas"]
[Black "Guerra Guerra, Miguel"]
[Result "1-0"]
[WhiteElo "2017"]
[BlackElo "1745"]
[PlyCount "47"]
[EventDate "2024.03.08"]
[EventType "swiss"]
[EventRounds "5"]
[EventCountry "URU"]
[SourceTitle "CB13_2024"]
[SourceDate "2024.03.27"]
[SourceVersion "1"]
[SourceVersionDate "2024.03.27"]
[SourceQuality "1"]

1. e4 c5 2. Nf3 e6 3. d4 cxd4 4. Nxd4 a6 5. Nc3 Qc7 6. Be2 Nf6 7. 0-0 Nc6 8. Be3 Be7 9. Kh1 b6 10. f4 Bb7 11. Bf3 d6 12. Qe1 e5 13. Nf5 Bf8 14. Qg3 g6 15. Qh4 Ng8 16. Nd5 Qd8 17. Bxb6 Qxh4 18. Nc7+ Kd7 19. Nxh4 Rc8 20. Bg4+ f5 21. exf5 Rxc7 22. fxg6+ Kd8 23. fxe5 Nge7 24. exd6 1-0

[Event "Montevideo Duchamp Cup 7th"]
[Site "Montevideo"]
[Date "2024.02.07"]
[Round "7"]
[White "Curi, Gabriel"]
[Black "Kulik, Nicolas"]
[Result "1/2-1/2"]
[WhiteElo "2093"]
[BlackElo "1862"]
[PlyCount "102"]
[EventDate "2024.02.01"]
[EventType "swiss"]
[EventRounds "9"]
[EventCountry "URU"]
[SourceTitle "CB07_2024"]
[SourceDate "2024.02.14"]
[SourceVersion "1"]
[SourceVersionDate "2024.02.14"]
[SourceQuality "1"]

1. d4 Nf6 2. c4 g6 3. Nc3 Bg7 4. e4 d6 5. Be2 0-0 6. Bg5 c5 7. d5 e6 8. Qd2 Re8 9. Nf3 exd5 10. exd5 Bf5 11. 0-0 Qd7 12. Nh4 Ne4 13. Nxe4 Bxe4 14. f3 Bf5 15. Nxf5 Qxf5 16. Rae1 Na6 17. Bd3 Qd7 18. Bf4 Bd4+ 19. Kh1 Nc7 20. h4 Rxe1 21. Rxe1 Re8 22. Rxe8+ Nxe8 23. Qe2 Ng7 24. b3 Bf6 25. Qe1 Qd8 26. Bg3 Nh5 27. Bf2 Be5 28. g3 Qd7 29. Kh2 b6 30. Bf1 Ng7 31. Bh3 Qe7 32. f4 Bf6 33. Qxe7 Bxe7 34. g4 f5 35. g5 Nh5 36. Be3 Bf8 37. Kg2 Kf7 38. Kf3 Ke7 39. Bf1 Bg7 40. Be2 Bc3 41. Kf2 Ng7 42. Kf1 Kd7 43. Bf3 Kc7 44. Ke2 Kb7 45. Bf2 Ka6 46. Kd3 Ba1 47. Be1 Bb2 48. Bc3 Bxc3 49. Kxc3 Kb7 50. a3 Ka6 51. Be2 Kb7 1/2-1/2

[Event "Montevideo Duchamp Cup 7th"]
[Site "Montevideo"]
[Date "2024.02.06"]
[Round "6"]
[White "Kulik, Nicolas"]
[Black "Fabra, Nahiara"]
[Result "1-0"]
[WhiteElo "1862"]
[BlackElo "1554"]
[PlyCount "59"]
[EventDate "2024.02.01"]
[EventType "swiss"]
[EventRounds "9"]
[EventCountry "URU"]
[SourceTitle "CB07_2024"]
[SourceDate "2024.02.14"]
[SourceVersion "1"]
[SourceVersionDate "2024.02.14"]
[SourceQuality "1"]

1. e4 c5 2. Nf3 d6 3. d4 cxd4 4. Nxd4 Nf6 5. Nc3 a6 6. Bg5 e6 7. f4 Be7 8. Qf3 Qc7 9. 0-0-0 Nbd7 10. g4 h6 11. Bxf6 Bxf6 12. h4 Nb6 13. g5 Bxd4 14. Rxd4 Bd7 15. gxh6 gxh6 16. Qd1 Rc8 17. f5 Ke7 18. Rxd6 f6 19. e5 fxe5 20. Rg1 Rcg8 21. f6+ Kxf6 22. Qf3+ Ke7 23. Ne4 Rf8 24. Rg7+ Kd8 25. Qd1 Kc8 26. Bh3 Rd8 27. Rd3 Rhg8 28. Rxg8 Rxg8 29. Rc3 Nc4 30. Rxc4 1-0

[Event "Montevideo op"]
[Site "Montevideo"]
[Date "2023.03.08"]
[Round "2"]
[White "Pascale, Santiago"]
[Black "Kulik, Nicolas"]
[Result "0-1"]
[WhiteElo "1551"]
[BlackElo "1904"]
[PlyCount "112"]
[EventDate "2023.03.01"]
[EventType "swiss"]
[EventRounds "5"]
[EventCountry "URU"]
[SourceTitle "EXT 2024"]
[Source "ChessBase"]
[SourceDate "2023.10.10"]
[SourceVersion "1"]
[SourceVersionDate "2023.10.10"]
[SourceQuality "1"]

1. e4 c5 2. Nc3 Nc6 3. f4 g6 4. Nf3 Bg7 5. Bb5 Nd4 6. Bc4 e6 7. e5 d5 8. Nxd4 cxd4 9. Bb5+ Kf8 10. Ne2 Qb6 11. a4 Ne7 12. Bd3 Nc6 13. b4 Kg8 14. a5 Qxb4 15. 0-0 Nxa5 16. Qe1 Nc4 17. Bxc4 Qxc4 18. Qf2 Bf8 19. Bb2 d3 20. cxd3 Qxd3 21. Nc1 Qb5 22. d4 Bd7 23. Ba3 Qa6 24. Qb2 Qb6 25. Qf2 Qa6 26. Qb2 Qb6 27. Qf2 Bxa3 28. Rxa3 Bb5 29. Rb3 Qc6 30. Re1 Rc8 31. h4 h5 32. Ne2 Bxe2 33. Rxe2 Kh7 34. Ree3 Qc1+ 35. Re1 Qc6 36. Ree3 b6 37. Qg3 Qc1+ 38. Kh2 Qc7 39. Qg5 Qd8 40. Qg3 Qe7 41. Qf2 Rc4 42. Rf3 Qd7 43. Qg3 Rhc8 44. Qg5 Qd8 45. Qg3 Rxd4 46. Rb1 Rcc4 47. Rbf1 b5 48. Qg5 Qxg5 49. fxg5 Rxh4+ 50. Kg1 Rc7 51. Rxf7+ Rxf7 52. Rxf7+ Kg8 53. Rxa7 Ra4 54. Rb7 Rg4 55. Rxb5 Rxg5 56. Rb8+ Kg7 0-1

[Event "Montevideo Duchamp Cup 6th"]
[Site "Montevideo"]
[Date "2023.02.09"]
[Round "7"]
[White "Benitez, Andres"]
[Black "Kulik, Nicolas"]
[Result "0-1"]
[WhiteElo "1974"]
[BlackElo "1745"]
[PlyCount "136"]
[EventDate "2023.02.03"]
[EventType "swiss"]
[EventRounds "9"]
[EventCountry "URU"]
[SourceTitle "CBM 212 Extra"]
[Source "ChessBase"]
[SourceDate "2023.03.31"]
[SourceVersion "1"]
[SourceVersionDate "2023.03.31"]
[SourceQuality "1"]

1. e4 e6 2. d3 d5 3. Nd2 c5 4. Ngf3 Nc6 5. g3 Nf6 6. Bg2 Be7 7. 0-0 0-0 8. Re1 Qc7 9. Nf1 b5 10. e5 Nd7 11. Bf4 a5 12. h4 a4 13. h5 a3 14. b3 c4 15. bxc4 bxc4 16. dxc4 dxc4 17. Nd4 Bb7 18. Nb5 Qc8 19. Rb1 Ra5 20. Qg4 Kh8 21. Nd4 Ncxe5 22. Bxe5 Nxe5 23. Bxb7 Nxg4 24. Bxc8 Rxc8 25. Nc6 Raa8 26. Nxe7 Rc7 27. Re4 Nf6 28. Rd4 Rxe7 29. Rxc4 Nxh5 30. Rcb4 Nf6 31. Rb8+ Re8 32. Rxe8+ Nxe8 33. Ne3 g6 34. Nc4 Kg7 35. Rb3 Rc8 36. Ne3 Nd6 37. Rxa3 h5 38. Rd3 Nf5 39. Nxf5+ exf5 40. c3 Kf6 41. f4 Ra8 42. Rd2 Rc8 43. Rd3 Ra8 44. Rd2 Ra3 45. Rc2 Ke6 46. Kf2 Kd5 47. Ke3 Kc4 48. Kd2 f6 49. Kc1 Rxc3 50. Kd2 Rxc2+ 51. Kxc2 g5 52. Kd2 gxf4 53. gxf4 Kb4 54. Ke3 Ka3 55. Kf3 Kxa2 56. Kg3 Kb3 57. Kh4 Kc4 58. Kxh5 Kd4 59. Kh4 Ke3 60. Kg3 Ke4 61. Kg2 Kxf4 62. Kf2 Kg4 63. Kg2 f4 64. Kf2 f3 65. Kf1 Kg3 66. Kg1 f2+ 67. Kf1 f5 68. Ke2 Kg2 0-1

[Event "Montevideo Trebejos 50 Anniv op"]
[Site "Montevideo"]
[Date "2022.09.25"]
[Round "9"]
[White "Saralegui Cassan, Mario"]
[Black "Kulik, Nicolas"]
[Result "1/2-1/2"]
[WhiteElo "1998"]
[BlackElo "1727"]
[PlyCount "150"]
[EventDate "2022.09.17"]
[EventType "swiss"]
[EventRounds "9"]
[EventCountry "URU"]
[SourceTitle "EXT 2023"]
[Source "ChessBase"]
[SourceDate "2022.10.05"]
[SourceVersion "1"]
[SourceVersionDate "2022.10.05"]
[SourceQuality "1"]

1. d4 d5 2. c4 dxc4 3. Nf3 Nf6 4. e3 e6 5. Bxc4 c5 6. 0-0 a6 7. a4 Nc6 8. Nc3 Be7 9. h3 0-0 10. Re1 Qc7 11. Qe2 Rd8 12. Rd1 cxd4 13. exd4 Nb4 14. Bg5 Nfd5 15. Nxd5 Nxd5 16. Rac1 Bxg5 17. Nxg5 Qe7 18. Nf3 Qe8 19. b3 Bd7 20. Bxd5 exd5 21. Qxe8+ Rxe8 22. Rc7 Bc6 23. Ne5 Rac8 24. Rxc8 Rxc8 25. Rc1 Bd7 26. Rxc8+ Bxc8 27. a5 Kf8 28. Kf1 Ke7 29. Ke2 Bd7 30. Kd2 Bb5 31. g3 f6 32. Nf3 Bf1 33. h4 Bg2 34. Ng1 Kd6 35. Kc3 g5 36. b4 Bf1 37. Nf3 Be2 38. Ng1 Bf1 39. Kd2 Kc6 40. Nf3 Bg2 41. Ne1 gxh4 42. gxh4 Bf1 43. Nc2 Bh3 44. Ne3 Be6 45. Ng2 Bf7 46. Nf4 h5 47. Ne2 Kb5 48. Kc3 b6 49. axb6 Kxb6 50. Ng3 Bg6 51. Nf1 Bf7 52. Ne3 Be6 53. Kb3 Kb5 54. Nd1 Kb6 55. Nc3 Bf7 56. Na4+ Kb5 57. Nc5 Be8 58. Ne6 Bf7 59. Nf8 a5 60. bxa5 Kxa5 61. Nd7 f5 62. Kc3 Ka4 63. Kd3 Kb3 64. Ke3 Kc3 65. Ne5 Be8 66. Nf3 Kc2 67. Kf4 Kd3 68. Kxf5 Ke2 69. Ng5 Kxf2 70. Kf4 Kg2 71. Ne6 Bf7 72. Ke5 Bxe6 73. Kxe6 Kg3 74. Kxd5 Kxh4 75. Ke5 Kg3 1/2-1/2

[Event "Pan American-ch U16"]
[Site "Montevideo"]
[Date "2022.06.27"]
[Round "3"]
[White "Roselli, Federico"]
[Black "Kulik, Nicolas"]
[Result "0-1"]
[WhiteElo "1112"]
[BlackElo "1779"]
[PlyCount "48"]
[EventDate "2022.06.26"]
[EventType "swiss"]
[EventRounds "9"]
[EventCountry "URU"]
[SourceTitle "EXT 2023"]
[Source "ChessBase"]
[SourceDate "2022.10.05"]
[SourceVersion "1"]
[SourceVersionDate "2022.10.05"]
[SourceQuality "1"]

1. e4 e6 2. d4 d5 3. Nd2 dxe4 4. Nxe4 Nd7 5. Nf3 Ngf6 6. Nxf6+ Nxf6 7. Be3 Nd5 8. Bd3 c5 9. c3 Bd6 10. Qc2 h6 11. 0-0 0-0 12. Rae1 Bd7 13. Ne5 Bxe5 14. dxe5 Nxe3 15. Rxe3 Qc7 16. f4 Rad8 17. Qe2 Qb6 18. Kh1 g6 19. h4 Kg7 20. Rg3 Be8 21. Rf2 h5 22. Qxh5 Rxd3 23. Qg5 Rxg3 24. Qxg3 Bd7 0-1

[Event "URU-ch sf"]
[Site "Montevideo"]
[Date "2022.03.01"]
[Round "7"]
[White "Kulik, Nicolas"]
[Black "Vassallo, Mariano"]
[Result "0-1"]
[WhiteElo "1775"]
[BlackElo "1581"]
[PlyCount "112"]
[EventDate "2022.02.26"]
[EventType "swiss"]
[EventRounds "7"]
[EventCountry "URU"]
[SourceTitle "CBM 207 Extra"]
[Source "ChessBase"]
[SourceDate "2022.05.31"]
[SourceVersion "1"]
[SourceVersionDate "2022.05.31"]
[SourceQuality "1"]

1. e4 e5 2. Nf3 Nc6 3. d4 exd4 4. Nxd4 Nf6 5. Nxc6 bxc6 6. e5 Qe7 7. Qe2 Nd5 8. c4 Ba6 9. b3 g6 10. f4 Bg7 11. Qf2 Nb6 12. Be2 c5 13. 0-0 0-0 14. Be3 d6 15. Nc3 Rfe8 16. Bf3 Rab8 17. Bc6 Red8 18. Rad1 Bb7 19. Nd5 Nxd5 20. Bxd5 Bxd5 21. Rxd5 Re8 22. Rfd1 f6 23. exd6 cxd6 24. R1d3 f5 25. Rxd6 Bd4 26. R6xd4 cxd4 27. Bxd4 Rbd8 28. Qe3 Qh4 29. Be5 Rxd3 30. Qxd3 Rd8 31. g3 Rxd3 32. gxh4 Rd2 33. a3 Kf7 34. Bb8 Ra2 35. Bd6 Ke6 36. Bf8 Rb2 37. b4 Rc2 38. c5 Ra2 39. b5 Rxa3 40. b6 axb6 41. cxb6 Rb3 42. Bc5 Kd5 43. Bf2 Ke4 44. Kg2 Kxf4 45. Bg3+ Ke4 46. Bc7 f4 47. h5 f3+ 48. Kh3 f2+ 49. Kg2 Rf3 50. Kf1 Rb3 51. Kxf2 g5 52. h3 Kf5 53. Kg2 g4 54. h4 Kf6 55. Kf2 Kg7 56. Bf4 Rf3+ 0-1

[Event "URU-ch sf"]
[Site "Montevideo"]
[Date "2022.02.26"]
[Round "2"]
[White "Blanco, Rudemar Ernesto"]
[Black "Kulik, Nicolas"]
[Result "1/2-1/2"]
[WhiteElo "1549"]
[BlackElo "1775"]
[PlyCount "125"]
[EventDate "2022.02.26"]
[EventType "swiss"]
[EventRounds "7"]
[EventCountry "URU"]
[SourceTitle "CBM 207 Extra"]
[Source "ChessBase"]
[SourceDate "2022.05.31"]
[SourceVersion "1"]
[SourceVersionDate "2022.05.31"]
[SourceQuality "1"]

1. d4 d5 2. Bf4 Nf6 3. e3 c5 4. c3 Nc6 5. Nd2 e6 6. Ngf3 Bd6 7. Bg3 Bxg3 8. hxg3 Qd6 9. Bd3 e5 10. dxe5 Nxe5 11. Nxe5 Qxe5 12. Nf3 Qd6 13. Qc2 Bg4 14. Bb5+ Bd7 15. Bd3 h6 16. 0-0 0-0 17. Rfe1 Rae8 18. Nd2 Re7 19. Nf3 b5 20. a3 a5 21. Qd2 Ne4 22. Qc2 Rb8 23. Nd2 f5 24. Be2 Rbe8 25. Rad1 Qc6 26. Nxe4 fxe4 27. Qd2 Re5 28. c4 bxc4 29. Bxc4 dxc4 30. Qxd7 Qxd7 31. Rxd7 Rb8 32. Rd2 c3 33. bxc3 Rb3 34. Ra2 Rxc3 35. Rd1 Kf7 36. Kf1 a4 37. Ke2 Re8 38. Rdd2 Ke6 39. Rdc2 Rxc2+ 40. Rxc2 Kd5 41. Rd2+ Kc4 42. Rd7 g5 43. f4 Kb3 44. f5 Kxa3 45. Rb7 h5 46. f6 Rd8 47. f7 c4 48. Re7 Rf8 49. Rb7 c3 50. Kd1 Ka2 51. Kc2 Rc8 52. Ra7 a3 53. Rb7 g4 54. Rb4 Rd8 55. Kxc3 Rd3+ 56. Kc4 Rd8 57. Rb7 Ka1 58. Kc5 a2 59. Kc6 h4 60. gxh4 g3 61. Kc7 Rf8 62. Kd6 Rb8 63. Rxb8 1/2-1/2

[Event "URU-ch sf"]
[Site "Montevideo"]
[Date "2022.02.26"]
[Round "1"]
[White "Kulik, Nicolas"]
[Black "Coppola, Claudio"]
[Result "0-1"]
[WhiteElo "1775"]
[BlackElo "2285"]
[PlyCount "54"]
[EventDate "2022.02.26"]
[EventType "swiss"]
[EventRounds "7"]
[EventCountry "URU"]
[SourceTitle "CBM 207 Extra"]
[Source "ChessBase"]
[SourceDate "2022.05.31"]
[SourceVersion "1"]
[SourceVersionDate "2022.05.31"]
[SourceQuality "1"]

1. e4 c5 2. Nf3 d6 3. d4 cxd4 4. Nxd4 Nf6 5. Nc3 g6 6. Be3 Bg7 7. f3 0-0 8. Qd2 Nc6 9. 0-0-0 d5 10. exd5 Nxd5 11. Nxc6 bxc6 12. Bd4 Bxd4 13. Qxd4 Qb6 14. Na4 Qa5 15. b3 Bf5 16. g4 Be6 17. Bc4 Rad8 18. Qc5 Qc7 19. Rd4 Qe5 20. f4 Qe3+ 21. Kb2 Nb6 22. Rhd1 Nxc4+ 23. bxc4 Rb8+ 24. Ka1 Bxg4 25. Qxc6 Bxd1 26. Rxd1 Rbd8 27. Rxd8 Qc1# 0-1

[Event "Montevideo Duchamp Cup 5th"]
[Site "Montevideo"]
[Date "2022.02.14"]
[Round "4"]
[White "Kulik, Nicolas"]
[Black "Carvalho, Guillermo"]
[Result "0-1"]
[WhiteElo "1775"]
[BlackElo "2171"]
[PlyCount "76"]
[EventDate "2022.02.12"]
[EventType "swiss"]
[EventRounds "9"]
[EventCountry "URU"]
[SourceTitle "CBM 206 Extra"]
[Source "ChessBase"]
[SourceDate "2022.03.31"]
[SourceVersion "1"]
[SourceVersionDate "2022.03.31"]
[SourceQuality "1"]

1. e4 Nf6 2. e5 Nd5 3. d4 d6 4. c4 Nb6 5. exd6 exd6 6. Nc3 Nc6 7. Nf3 Bg4 8. Be2 Be7 9. 0-0 0-0 10. b3 Re8 11. Be3 Bf6 12. Rc1 d5 13. cxd5 Nxd5 14. Nxd5 Qxd5 15. Rc5 Qd6 16. d5 Rxe3 17. Rxc6 bxc6 18. fxe3 cxd5 19. Nd4 Bd7 20. Bg4 c5 21. Nf5 Bxf5 22. Bxf5 Qe5 23. Qf3 Re8 24. Rd1 d4 25. exd4 cxd4 26. Bd3 g6 27. Rf1 Kg7 28. Qc6 Re7 29. Qa6 Bg5 30. a4 Bf4 31. g3 Bxg3 32. hxg3 Qxg3+ 33. Kh1 Qh4+ 34. Kg2 Re3 35. Rf2 Rg3+ 36. Kf1 Qh1+ 37. Ke2 Re3+ 38. Kd2 Qe1+ 0-1

[Event "Montevideo Trebejos op 11"]
[Site "Montevideo"]
[Date "2021.11.22"]
[Round "3"]
[White "Kulik, Nicolas"]
[Black "Olivera, Omar"]
[Result "1-0"]
[WhiteElo "1767"]
[BlackElo "1299"]
[PlyCount "69"]
[EventDate "2021.11.15"]
[EventType "swiss"]
[EventRounds "6"]
[EventCountry "URU"]
[SourceTitle "EXT 2023"]
[Source "ChessBase"]
[SourceDate "2022.10.05"]
[SourceVersion "1"]
[SourceVersionDate "2022.10.05"]
[SourceQuality "1"]

1. e4 e6 2. d4 d5 3. Nc3 Nf6 4. Bg5 Be7 5. e5 Nfd7 6. h4 h6 7. Bxe7 Qxe7 8. Nf3 Qb4 9. a3 Qe7 10. Qd3 a6 11. g3 c5 12. Bg2 cxd4 13. Qxd4 Nc6 14. Qa4 Qc5 15. Bf1 Qa5 16. Qxa5 Nxa5 17. 0-0-0 b5 18. Bg2 Nc4 19. Rhe1 Bb7 20. Ne2 0-0 21. Ned4 Rac8 22. Bh3 Rfe8 23. Bf1 Na5 24. Kb1 Nc6 25. Nxc6 Bxc6 26. Nd4 Bb7 27. f4 Nb8 28. f5 Nc6 29. fxe6 Nxd4 30. exf7+ Kxf7 31. Rxd4 Rcd8 32. Rf4+ Ke7 33. Bd3 Rf8 34. Rg4 Rf7 35. e6 1-0

[Event "Montevideo Wednesday at the Mystery 1st"]
[Site "Montevideo"]
[Date "2021.09.29"]
[Round "1"]
[White "Kulik, Nicolas"]
[Black "Masoller, Martin"]
[Result "1-0"]
[WhiteElo "1689"]
[BlackElo "1760"]
[PlyCount "193"]
[EventDate "2021.09.29"]
[EventType "swiss"]
[EventRounds "5"]
[EventCountry "URU"]
[SourceTitle "EXT 2023"]
[Source "ChessBase"]
[SourceDate "2022.10.05"]
[SourceVersion "1"]
[SourceVersionDate "2022.10.05"]
[SourceQuality "1"]

1. e4 c6 2. d4 d5 3. Nc3 dxe4 4. Nxe4 Nf6 5. Nxf6+ exf6 6. c3 Bd6 7. Bd3 0-0 8. Ne2 f5 9. 0-0 Qc7 10. h3 Re8 11. Qc2 g6 12. Re1 Nd7 13. Bh6 Bf8 14. Bf4 Bd6 15. Bh6 Bf8 16. Bxf8 Kxf8 17. Rad1 Nf6 18. Qd2 Kg7 19. Ng3 Bd7 20. Nxf5+ Bxf5 21. Bxf5 Rxe1+ 22. Rxe1 Re8 23. Rxe8 Nxe8 24. Bd3 Qd6 25. Qe2 Nf6 26. Bc4 Nd7 27. Qe8 f5 28. Qf7+ Kh6 29. h4 b5 30. Be2 a5 31. h5 Nf6 32. hxg6 hxg6 33. Bf3 Kg5 34. g3 f4 35. Kg2 fxg3 36. fxg3 Ng4 37. Bxg4 Kxg4 38. Qf3+ Kg5 39. Qe3+ Kf5 40. Kh3 Qd5 41. Qf4+ Ke6 42. Qe3+ Kf5 43. g4+ Kf6 44. Qf4+ Ke6 45. Kg3 Qh1 46. Qe5+ Kf7 47. Kf4 Qc1+ 48. Qe3 Qxb2 49. Kg5 Qxa2 50. Qf4+ Kg8 51. Qb8+ Kg7 52. Qe5+ Kf8 53. Qd6+ Kf7 54. Qf6+ Ke8 55. Qxc6+ Ke7 56. Qc5+ Kf7 57. Qc7+ Ke8 58. Qc8+ Ke7 59. Qb7+ Kd6 60. Qb8+ Ke7 61. Qc7+ Ke8 62. Qe5+ Kf7 63. Qf6+ Kg8 64. Qxg6+ Kf8 65. Qf5+ Ke7 66. Kh6 a4 67. g5 a3 68. Qc5+ Kd8 69. g6 Qh2+ 70. Qh5 Qxh5+ 71. Kxh5 a2 72. g7 a1Q 73. g8Q+ Kc7 74. Qf7+ Kb6 75. Qe6+ Ka5 76. Qe3 Qa2 77. Kg4 Qf7 78. Qf3 Qg6+ 79. Kf4 Qh6+ 80. Ke4 b4 81. cxb4+ Kxb4 82. d5 Qg6+ 83. Qf5 Qh6 84. Qf4 Qh8 85. Qd2+ Kc5 86. Qa5+ Kc4 87. Qc7+ Kb5 88. Qc6+ Kb4 89. Kf5 Qh3+ 90. Ke5 Qg3+ 91. Ke6 Qg4+ 92. Kd6 Qf4+ 93. Kd7 Qf7+ 94. Kc8 Qf5+ 95. Kc7 Qf7+ 96. Qd7 Qf4+ 97. Qd6+ 1-0